| 000 | 00752nam a22002297a 4500 | ||
|---|---|---|---|
| 003 | OSt | ||
| 005 | 20220107122724.0 | ||
| 008 | 130914b xxu||||| |||| 00| 0 eng d | ||
| 020 | _a9780131873216 | ||
| 040 | _cIIITM-K | ||
| 082 | _a006.454 JUR/S | ||
| 100 |
_aJurafsky, Daniel _92384 |
||
| 245 |
_aSpeech and language processing: _bAn introduction to natural language processing, computational linguistics, and speech recognition _cby Daniel Jurafsky, James H Martin |
||
| 250 | _a2nd edition | ||
| 260 |
_aNew Jersey, _bPearson, _c2009. |
||
| 300 | _axxxi, 988p. | ||
| 650 |
_aCOMPUTATIONAL LINGUISTICS _92385 |
||
| 650 |
_aSPEECH RECOGNITION _92386 |
||
| 650 |
_aLANGUAGE PROCESSING _92387 |
||
| 700 |
_aMartin, James H _92388 |
||
| 942 |
_2ddc _cBK |
||
| 999 |
_c3387 _d3387 |
||